| Поле | Инд. | ПП | Название | Значение |
|---|---|---|---|---|
| Тип записи | a | |||
| Библиографический уровень | m | |||
| 001 | Контрольный номер | RU\SPSTU\books\281989 | ||
| 005 | Дата корректировки | 20140703182206.6 | ||
| 008 | Кодируемые данные | 091009s2009 RU a f z 000 1 rus u | ||
| 020 | a | ISBN | 978-5-93972-739-6 | |
| 040 | d | Организация, изменившая запись | НБ ТвГУ | |
| c | Служба, преобразующая запись | 19013582 | ||
| 041 | a | Код языка текста | rus | |
| 044 | a | Код страны публикации | RU | |
| 080 | a | Индекс УДК | 517.928.4 | |
| 084 | a | Индекс другой классификации/Индекс ББК | В161.61-11 | |
| 090 | a | Полочн. индекс | В161.6 | |
| x | Авторский знак | К 59 | ||
| 100 | 1_ | a | Автор | Козлов Валерий Васильевич |
| q | Полное имя | Козлов В. В. | ||
| 245 | a | Заглавие | Асимптотики решений сильно нелинейных систем дифференциальных уравнений | |
| 250 | a | Основные сведения об издании | Изд. 2-е, испр. и доп. | |
| 260 | a | Место издания | Москва | |
| b | Издательство | НИЦ "Регулярная и хаотическая динамика" | ||
| 260 | a | Место издания | Ижевск | |
| b | Издательство | Ижевский институт компьютерных исследований | ||
| c | Дата издания | 2009 | ||
| 300 | a | Объем | 312 с. | |
| b | Иллюстрации/ тип воспроизводства | ил. | ||
| c | Размеры | 21 см | ||
| 504 | a | Библиография | Библиогр.: с. 299-311 (202 назв.) | |
| 520 | a | Аннотация | Книга посвящена проблеме построения некоторых классов решений систем обыкновенных дифференциальных уравнений. Для этой цели разработана процедура построения решений в виде рядов, которые аналогичны рядам, используемым в первом методе Ляпунова. Особое место в книге отведено асимптотическим решениям, стремящимся к положениям равновесия при неограниченном возрастании или убывании независимой переменной. При этом рассматривается так называемый сильно нелинейный случай, когда существование таких решений невозможно вывести, основываясь лишь на анализе системы первого приближения. Книга иллюстрируется большим количеством конкретных примеров, в которых наличие частных решений того или иного класса свидетельствует о некоторых особенностях динамического поведения системы. Для специалистов в области механики, математики, теоретической физики, занимающихся теорией динамических систем, для студентов и аспирантов университетов и технических вузов, обучающихся по специальности «Прикладная математика». | |
| 653 | a | Ключевые слова | Асимптотики решений | |
| a | Ключевые слова | Асимптотические методы | ||
| a | Ключевые слова | Дифференциальные уравнения | ||
| a | Ключевые слова | Математика | ||
| a | Ключевые слова | Математический анализ | ||
| a | Ключевые слова | Нелинейные дифференциальные уравнения | ||
| a | Ключевые слова | Нелинейные системы дифференциальных уравнений | ||
| a | Ключевые слова | Обыкновенные дифференциальные уравнения | ||
| a | Ключевые слова | Решение дифференциальных уравнений | ||
| a | Ключевые слова | Системы дифференциальных уравнений | ||
| a | Ключевые слова | Уравнения | ||
| 700 | 1_ | a | Другие авторы | Фурта Станислав Дмитриевич |
| q | Полное имя | Фурта, С. Д. | ||
| 920 | a | Оператор | Стру | |
| 952 | c | Вид литературы | К рн | |
| 954 | a | Дата поступления на обработку | 20101028 |